Crazy in America : (Record no. 51195)
[ view plain ]
| 000 -LEADER | |
|---|---|
| campo de control de longitud fija | 01389cam a2200349 a 4500 |
| 001 - NÚMERO DE CONTROL | |
| campo de control | 122720 |
| 005 - FECHA Y HORA DE LA ÚLTIMA TRANSACCIÓN | |
| campo de control | 20230410120743.0 |
| 008 - DATOS DE LONGITUD FIJA--INFORMACIÓN GENERAL | |
| campo de control de longitud fija | 070827s2007 nyua 001 0 eng d |
| 010 ## - NÚMERO DE CONTROL DE LA BIBLIOTECA DEL CONGRESO | |
| Número de control de LC | 2007298720 |
| 020 ## - NÚMERO INTERNACIONAL ESTÁNDAR DEL LIBRO | |
| Número Internacional Estándar del Libro | 0786717459 (pbk.) |
| 020 ## - NÚMERO INTERNACIONAL ESTÁNDAR DEL LIBRO | |
| Número Internacional Estándar del Libro | 9780786717453 (pbk.) |
| 035 ## - NÚMERO DE CONTROL DEL SISTEMA | |
| Número de control de sistema | (DLC) 2007298720 |
| 040 ## - FUENTE DE CATALOGACIÓN | |
| Centro catalogador/agencia de origen | OCO |
| Lengua de catalogación | eng |
| Centro/agencia transcriptor | OCO |
| Centro/agencia modificador | BAKER |
| -- | YDXCP |
| -- | LUI |
| -- | CZL |
| -- | JED |
| -- | DLC |
| 042 ## - CÓDIGO DE AUTENTICACIÓN | |
| Código de autenticación | lccopycat |
| 043 ## - CÓDIGO DE ÁREA GEOGRÁFICA | |
| Código de área geográfica | n-us--- |
| 050 14 - SIGNATURA TOPOGRÁFICA DE LA BIBLIOTECA DEL CONGRESO | |
| Número de clasificación | HV 6133 |
| Número de ítem | P527c 2007 |
| 100 1# - ENTRADA PRINCIPAL--NOMBRE DE PERSONA | |
| Nombre de persona | Pfeiffer, Mary Beth. |
| 245 10 - MENCIÓN DEL TÍTULO | |
| Título | Crazy in America : |
| Resto del título | the hidden tragedy of our criminalized mentally ill / |
| Mención de responsabilidad, etc. | Mary Beth Pfeiffer. |
| 250 ## - MENCION DE EDICION | |
| Mención de edición | 1st Carroll & Graf ed. |
| 260 ## - PUBLICACIÓN, DISTRIBUCIÓN, ETC. | |
| Lugar de publicación, distribución, etc. | New York : |
| Nombre del editor, distribuidor, etc. | Carroll & Graf Publishers, |
| Fecha de publicación, distribución, etc. | 2007. |
| 300 ## - DESCRIPCIÓN FÍSICA | |
| Extensión | xvii, 280 p., [8] p. of plates : |
| Otras características físicas | ill. ; |
| Dimensiones | 21 cm. |
| 500 ## - NOTA GENERAL | |
| Nota general | Includes index. |
| 650 #0 - PUNTO DE ACCESO ADICIONAL DE MATERIA--TÉRMINO DE MATERIA | |
| Término de materia o nombre geográfico como elemento de entrada | Mentally ill offenders |
| Subdivisión geográfica | United States. |
| 650 #0 - PUNTO DE ACCESO ADICIONAL DE MATERIA--TÉRMINO DE MATERIA | |
| Término de materia o nombre geográfico como elemento de entrada | Mentally ill offenders |
| Subdivisión general | Services for |
| Subdivisión geográfica | United States. |
| 650 #4 - PUNTO DE ACCESO ADICIONAL DE MATERIA--TÉRMINO DE MATERIA | |
| Término de materia o nombre geográfico como elemento de entrada | Enfermos mentales infractores |
| Subdivisión geográfica | Estados Unidos. |
| 650 #4 - PUNTO DE ACCESO ADICIONAL DE MATERIA--TÉRMINO DE MATERIA | |
| Término de materia o nombre geográfico como elemento de entrada | Salud mental |
| Subdivisión general | Servicios |
| Subdivisión geográfica | Estados Unidos. |
| 856 41 - LOCALIZACIÓN Y ACCESO ELECTRÓNICOS | |
| Materiales especificados | Table of contents only |
| Identificador Uniforme de Recursos | <a href="http://www.loc.gov/catdir/toc/fy0715/2007298720.html">http://www.loc.gov/catdir/toc/fy0715/2007298720.html</a> |
| 856 42 - LOCALIZACIÓN Y ACCESO ELECTRÓNICOS | |
| Materiales especificados | Contributor biographical information |
| Identificador Uniforme de Recursos | <a href="http://www.loc.gov/catdir/enhancements/fy0830/2007298720-b.html">http://www.loc.gov/catdir/enhancements/fy0830/2007298720-b.html</a> |
| 856 42 - LOCALIZACIÓN Y ACCESO ELECTRÓNICOS | |
| Materiales especificados | Publisher description |
| Identificador Uniforme de Recursos | <a href="http://www.loc.gov/catdir/enhancements/fy0830/2007298720-d.html">http://www.loc.gov/catdir/enhancements/fy0830/2007298720-d.html</a> |
| 942 ## - ELEMENTOS DE ENTRADA SECUNDARIOS (KOHA) | |
| Fuente del sistema de clasificación o colocación | Clasificación de Library of Congress |
| Tipo de ítem Koha | |
| 946 ## - PROCESAMIENTO DE INFORMACIÓN LOCAL (OCLC) | |
| a | JaaM |
| Estatus retirado | Estado de pérdida | Fuente del sistema de clasificación o colocación | Estado de daño | No para préstamo | Colección | Biblioteca de origen | Biblioteca actual | Ubicación en estantería | Fecha de adquisición | Serial enumeration / chronology | Signatura topográfica completa | Código de barras | Visto por última vez | Copia número | Tipo de ítem Koha |
|---|---|---|---|---|---|---|---|---|---|---|---|---|---|---|---|
| Clasificación de Library of Congress | Ciencias Sociales | Biblioteca Juan Bosch | Biblioteca Juan Bosch | Ciencias Sociales (3er. Piso) | 10/04/2023 | 1 | HV 6133 P527c 2007 | 00000116108 | 24/10/2018 | 1 |
